Statistics for Fabolous Charting Songs (Billboard Hot 100)

Click here to take the quiz!

General Stats

  • This quiz has been taken 2 times
  • The average score is 4 of 21

Answer Stats

AlbumWeeks OnPeakArtist(s)Song% Correct
Championships3 Weeks#39Meek Mill ft. Fabolous & Anuel AAUptown Vibes
100%
Third Power3 Weeks#95DJ Drama ft. Fabolous, Roscoe Dash & Wiz KhalifaOh My
50%
From Nothin' to Somethin'21 Weeks#8Fabolous ft. Ne-YoMake Me Better
50%
Ready29 Weeks#9Trey Songz ft. FabolousSay Aah
50%
Real Talk20 Weeks#10FabolousBreathe
50%
Loso's Way23 Weeks#14Fabolous ft. The-DreamThrow It In the Bag
50%
There Is No Competition 2: The Grieving Music EP18 Weeks#63FabolousYou Be Killin Em
50%
Non-Album Single8 Weeks#93Fabolous ft. Chris BrownReady
0%
From Nothin' to Somethin'1 Week#83Fabolous ft. Young JeezyDiamonds
0%
Tha Carter III1 Week#81Lil Wayne ft. Juelz Santana & FabolousYou Ain't Got Nuthin
0%
Real Talk9 Weeks#71Fabolous ft. Mike ShoreyBaby
0%
You Got Served8 Weeks#59B2K ft. FabolousBadaboom
0%
Street Dreams26 Weeks#4Fabolous ft. Tamia or AshantiInto You
0%
Intuition20 Weeks#54Ne-Yo ft. Jamie Foxx & FabolousShe Got Her Own
0%
Meet the Girl Next Door20 Weeks#37Lil' Mo ft. Fabolous4Ever
0%
Street Dreams23 Weeks#4Fabolous ft. Mike Shorey & Lil' MoCan't Let You Go
0%
Ghetto Fabolous20 Weeks#25Fabolous ft. Nate DoggCan't Deny It
0%
From Nothin' to Somethin'20 Weeks#23Fabolous ft. Jermaine DupriBaby Don't Go
0%
Barbershop18 Weeks#20Fabolous ft. P. Diddy & Jagged EdgeTrade It All
0%
Based on a True Story22 Weeks#11Lil' Mo ft. FabolousSuperwoman Pt. II
0%
Ghetto Fabolous20 Weeks#33FabolousYoung'n (Holla Back)
0%

Score Distribution

Percentile by Number Answered

Percent of People with Each Score

Your Score History

You have not taken this quiz